MANAGEMENT ACCOUNTING (Record no. 16247)
[ view plain ]
| 000 -LEADER | |
|---|---|
| fixed length control field | 00286nam a22001337a 4500 |
| 003 - CONTROL NUMBER IDENTIFIER | |
| control field | SGT |
| 020 ## - INTERNATIONAL STANDARD BOOK NUMBER | |
| International Standard Book Number | 9788131534175 |
| 082 ## - DEWEY DECIMAL CLASSIFICATION NUMBER | |
| Classification number | 658.15 |
| Item number | NAR |
| 100 ## - MAIN ENTRY--PERSONAL NAME | |
| Personal name | NARASIMHAN, M.S |
| 245 ## - TITLE STATEMENT | |
| Title | MANAGEMENT ACCOUNTING |
| 260 ## - PUBLICATION, DISTRIBUTION, ETC. (IMPRINT) | |
| Name of publisher, distributor, etc | CENGAGE PUBLISHER |
| Year of Publication | 2017 |
| 300 ## - PAGE DESCRIPTION | |
| No. of Pages | 300 |
| 942 ## - ADDED ENTRY ELEMENTS (KOHA) | |
| Source of classification or shelving scheme | Dewey Decimal Classification |
| Koha item type | Books |
| 942 ## - ADDED ENTRY ELEMENTS (KOHA) | |
| -- | 5 |
| Withdrawn status | Lost status | Source of classification or shelving scheme | Damaged status | Not for loan | Collection code | Home library | Current library | Shelving location | Date acquired | Vendor Name | Cost, normal purchase price | SGTU | Bill Number | Total Checkouts | Full call number | Accession No. (Barcode) | Date last seen | Date last borrowed | Bill Date | Koha item type | Total Renewals |
|---|---|---|---|---|---|---|---|---|---|---|---|---|---|---|---|---|---|---|---|---|---|
| Dewey Decimal Classification | COMMERCE MANAGEMENT | SGT Science & Social Sciences Library | SGT Science & Social Sciences Library | Text Book | 11/12/2018 | KIRTI PRAKASHAN | 450.00 | SGTU | IN1748 | 1 | 658.15 NAR | CM4806 | 30/03/2026 | 16/03/2026 | Books | ||||||
| Withdrawn | Dewey Decimal Classification | COMMERCE MANAGEMENT | SGT Science & Social Sciences Library | SGT Science & Social Sciences Library | Text Book | 11/12/2018 | KIRTI PRAKASHAN | 450.00 | SGTU | IN1748 | 658.15 NAR | CM4807 | 11/12/2018 | Books | |||||||
| Dewey Decimal Classification | COMMERCE MANAGEMENT | SGT Science & Social Sciences Library | SGT Science & Social Sciences Library | Text Book | 11/12/2018 | KIRTI PRAKASHAN | 450.00 | SGTU | IN1748 | 2 | 658.15 NAR | CM4808 | 22/09/2023 | 22/09/2023 | Books | ||||||
| Dewey Decimal Classification | COMMERCE MANAGEMENT | SGT Science & Social Sciences Library | SGT Science & Social Sciences Library | Text Book | 11/12/2018 | KIRTI PRAKASHAN | 450.00 | SGTU | IN1748 | 3 | 658.15 NAR | CM4809 | 23/06/2022 | 12/05/2022 | Books | ||||||
| Dewey Decimal Classification | COMMERCE MANAGEMENT | SGT Science & Social Sciences Library | SGT Science & Social Sciences Library | Text Book | 11/12/2018 | KIRTI PRAKASHAN | 450.00 | SGTU | IN1748 | 2 | 658.15 NAR | CM4810 | 21/01/2026 | 20/01/2026 | Books | 1 |